000 00747nam a2200265 4500
999 _c9048
_d9048
001 9048
003 BD - JhCC
005 20180307193310.0
008 820805s1963 enka 000 0 eng d
035 _a(BD - JhCC)9048
040 _aNJT
_cNJT
_dUKM
_dEQO
_dBD - JhCC
041 _aeng
082 0 4 _a621.38410924
_218
_bREA 1963
090 _aTK5739.M3
_bR42
100 1 _aReade, Leslie.
245 1 0 _aMarconi and the discovery of wireless /
_cLeslie Reade.
260 _aLondon :
_bFaber and Faber,
_c[1963].
300 _a166 p. :
_bill., ports. ;
_c19 cm.
490 1 _aMen and events
504 _aBibliography: p. 159-160.
600 1 0 _aMarconi, Guglielmo,
_d1874-1937.
830 0 _aMen and events
942 _2ddc
_cBK